Devinez la Capitale Mystère #178 - Statistiques

Statistiques générales
  • Ce quiz a été pris 70 fois
  • Le résultat moyen est 30 sur 37
Statistiques - réponses
Type de Réponse Réponse % Correct
Lettre Trouvée I
100%
Lettre de l'Alphabet N
100%
Lettre Trouvée O
100%
Lettre Trouvée R
100%
Lettre Bien Placée A
98%
Lettre Trouvée A
98%
Lettre de l'Alphabet S
98%
Lettre de l'Alphabet L
97%
Lettre de l'Alphabet E
95%
Lettre Trouvée B
93%
Lettre de l'Alphabet T
93%
Lettre Trouvée M
92%
Lettre Bien Placée R
92%
Lettre de l'Alphabet D
90%
Lettre Trouvée P
88%
Lettre de l'Alphabet U
88%
Lettre Bien Placée P
87%
Lettre Bien Placée A
85%
Lettre de l'Alphabet G
83%
Lettre de l'Alphabet W
82%
Lettre de l'Alphabet C
80%
Lettre de l'Alphabet H
78%
Lettre de l'Alphabet V
77%
Lettre Bien Placée A
75%
Lettre de l'Alphabet K
75%
Lettre de l'Alphabet X
68%
Lettre de l'Alphabet J
65%
Lettre de l'Alphabet Y
65%
Lettre Bien Placée I
63%
Lettre Bien Placée M
63%
Lettre de l'Alphabet Z
63%
Lettre Bien Placée O
60%
Lettre Bien Placée R
60%
Lettre de l'Alphabet F
58%
Lettre de l'Alphabet Q
58%
Lettre Bien Placée B
53%
Capitale Mystère Paramaribo
53%
Aucun quiz correspondant
Distribution des résultats
% des personnes avec chaque résultat
Percentile par nombre de réponses
Votre historique - résultats
Vous n’avez pas pris ce quiz